Testimonios de la Crisis: Austeridad y Reconversión /
En este libro se analizan las condiciones (aplicación de políticas de austeridad de inspiración hayekiana, inversiones fundamentadas en chorro previo, creencia en la escasez de recursos y negación del modelo de acumulación por crédito) que favorecen el desarrollo de una economía especulativa y ponen...
Enregistré dans:
| Auteur principal: | |
|---|---|
| Format: | Livre |
| Langue: | espagnol |
| Publié: |
México :
Siglo XXI,
1988
|
| Collection: | (Sociología y Política)
|
| Sujets: | |
| Tags: |
Pas de tags, Soyez le premier à ajouter un tag!
|
MARC
| LEADER | 00000nam^a2200000^a^4500 | ||
|---|---|---|---|
| 001 | 000022466 | ||
| 005 | 20250521000000.0 | ||
| 009 | 20260310084457.805 | ||
| 020 | |a 968-23-1461-5 | ||
| 037 | |a Acervo ITESO - Biblioteca | ||
| 041 | |a ESP | ||
| 082 | |a 338. 09 |b GUT V. 3 | ||
| 100 | |a Gutiérrez Garza, Esthela |e (coord.) | ||
| 245 | 1 | 0 | |a Testimonios de la Crisis: Austeridad y Reconversión / |c Esthela Gutiérrez Garza (coord.). |
| 264 | 1 | |a México : |b Siglo XXI, |c 1988 | |
| 300 | |a 3 v. | ||
| 336 | |a texto |b txt |2 rdacontenido | ||
| 337 | |a sin mediación |b n |2 rdamedio | ||
| 338 | |a volumen |b nc |2 rdasoporte | ||
| 440 | 1 | |a (Sociología y Política) | |
| 520 | |a En este libro se analizan las condiciones (aplicación de políticas de austeridad de inspiración hayekiana, inversiones fundamentadas en chorro previo, creencia en la escasez de recursos y negación del modelo de acumulación por crédito) que favorecen el desarrollo de una economía especulativa y ponen en peligro el proyecto de reconversión industrial apoyado en una mayor eficiencia y productividad, o en todo caso posibilitan una reconversión apoyada en mecanismos de sobre-explotación del trabajo. | ||
| 649 | |a XX | ||
| 650 | |a Economía - |z México | ||
| 650 | |a Industria - |z México | ||
| 650 | |a Política Económica - |z México | ||
| 910 | |a Fondo General | ||
| 920 | |a Impresos - Libros | ||
| 930 | |a Colección General | ||
| 905 | |a 101 | ||
| 901 | |a 0224660100 |b IT1 |c ACC |i 022466 |u 20250521 | ||
| 902 | |a https://opac.biblio.iteso.mx/vufind/Record/000022466 | ||